000
00232nam a22000857a 4500
008
160625b xxu||||| |||| 00| 0 eng d
100
_9
1111
_a
Reader's Digest
245
_a
Health, Fitness and Sports
260
_a
Bombay
_b
Reader's Digest
_c
1983
999
_c
896
_d
896